Моабитская тетрадь: стихи; пер. с татар.

Detaylı Bibliyografya
Yazar: Джалиль М. М. Муса Мустафиевич
Diğer Yazarlar: Мустафин Р. Рафаэль (автор предисловия), Хазиахметов Т. Тавиль (иллюстратор)
Özet:Переводчики указаны в содержании.
Dil:Rusça
Baskı/Yayın Bilgisi: Казань, Татарское книжное издательство, 1986
Konular:
Materyal Türü: Kitap
KOHA link:https://koha.lib.tpu.ru/cgi-bin/koha/opac-detail.pl?biblionumber=234096

MARC

LEADER 00000nam0a2200000 4500
001 234096
005 20231101231308.0
010 |b 10000 экз. 
035 |a (RuTPU)RU\TPU\book\255195 
090 |a 234096 
100 |a 20130318d1986 m y0rusy50 ca 
101 1 |a rus  |c tat 
102 |a RU 
105 |a ac z 000gy 
200 1 |a Моабитская тетрадь  |e стихи  |e пер. с татар.  |f М. М. Джалиль  |g авт. предисл. Р. Мустафин ; худож. Т. Хазиахметов 
210 |a Казань  |c Татарское книжное издательство  |d 1986 
215 |a 222 с.  |c ил., портр.  |d 10,5 см. 
300 |a Переводчики указаны в содержании. 
610 1 |a советская литература 
610 1 |a татарская литература 
610 1 |a поэзия 
610 1 |a стихи 
610 1 |a миниатюрные издания 
686 |a Ч611.68  |v LBC/SL-A  |2 rubbk 
700 1 |a Джалиль  |b М. М.  |c настоящая фамилия Джалилов  |c татарский поэт  |f 1906-1944  |g Муса Мустафиевич  |2 stltpush  |3 (RuTPU)RU\TPU\pers\29570  |9 14105 
702 1 |a Мустафин  |b Р.  |g Рафаэль  |4 080 
702 1 |a Хазиахметов  |b Т.  |g Тавиль  |4 440 
801 1 |a RU  |b 63413507  |c 20130318 
942 |c BK